Eastern Utah Libraries Catalog: Duchesne, Heber, Roosevelt, & Vernal

Your name is a song / (Record no. 367352)

MARC details
000 -LEADER
fixed length control field 01901cam a2200469 i 4500
001 - CONTROL NUMBER
control field 1164146635
003 - CONTROL NUMBER IDENTIFIER
control field OCoLC
005 - DATE AND TIME OF LATEST TRANSACTION
control field 20211108130458.0
008 - FIXED-LENGTH DATA ELEMENTS--GENERAL INFORMATION
fixed length control field 200709s2020 waua j 000 1 eng d
010 ## - LIBRARY OF CONGRESS CONTROL NUMBER
LC control number on1164146635
020 ## - INTERNATIONAL STANDARD BOOK NUMBER
International Standard Book Number 9781943147724 (hardback)
020 ## - INTERNATIONAL STANDARD BOOK NUMBER
International Standard Book Number 1943147728 (hardback)
035 ## - SYSTEM CONTROL NUMBER
System control number (OCoLC)1164146635
040 ## - CATALOGING SOURCE
Original cataloging agency PLF
Language of cataloging eng
Transcribing agency PLF
Modifying agency BDX
-- LE@
-- EZC
-- NZ1
Description conventions rda
092 ## - LOCALLY ASSIGNED DEWEY CALL NUMBER (OCLC)
Classification number E
100 1# - MAIN ENTRY--PERSONAL NAME
Personal name Thompkins-Bigelow, Jamilah,
Relator term author.
9 (RLIN) 6385891
245 10 - TITLE STATEMENT
Title Your name is a song /
Statement of responsibility, etc Jamilah Thompkins-Bigelow ; illustrated by Luisa Uribe.
264 #1 - Production, Publication, Distribution, Manufacture, and Copyright Notice.
Place of production, publication, distribution, manufacture Seattle, WA :
Name of producer, publisher, distributor, manufacturer The Innovation Press,
Date of production, publication, distribution, manufacture, or copyr [2020]
300 ## - PHYSICAL DESCRIPTION
Extent 1 volume (unpaged) :
Other physical details color illustrations ;
Dimensions 26 cm.
520 ## - SUMMARY, ETC.
Summary, etc Saddened by her classmates' and teacher's mispronunciations of her name, a girl is empowered by her discovery that names are like songs when she and her mom celebrate the musicality of African, Asian, Black-American, Latinx, and Middle Eastern names.
521 1# - TARGET AUDIENCE NOTE
Target audience note 5 - 10 years.
521 2# - TARGET AUDIENCE NOTE
Target audience note 1-2.
650 #0 - SUBJECT ADDED ENTRY--TOPICAL TERM
Topical term or geographic name as entry element Names
Form subdivision Juvenile fiction.
9 (RLIN) 5703905
650 #0 - SUBJECT ADDED ENTRY--TOPICAL TERM
Topical term or geographic name as entry element Names, Personal
General subdivision Pronunciation
Form subdivision Juvenile fiction.
9 (RLIN) 6420986
650 #0 - SUBJECT ADDED ENTRY--TOPICAL TERM
Topical term or geographic name as entry element Cultural pluralism
Form subdivision Juvenile fiction.
9 (RLIN) 6365741
650 #0 - SUBJECT ADDED ENTRY--TOPICAL TERM
Topical term or geographic name as entry element Self-confidence
Form subdivision Juvenile fiction.
9 (RLIN) 5694654
650 #0 - SUBJECT ADDED ENTRY--TOPICAL TERM
Topical term or geographic name as entry element African Americans
Form subdivision Juvenile fiction.
9 (RLIN) 5674047
650 #0 - SUBJECT ADDED ENTRY--TOPICAL TERM
Topical term or geographic name as entry element Multiculturalism
Form subdivision Juvenile fiction.
9 (RLIN) 5754507
650 #0 - SUBJECT ADDED ENTRY--TOPICAL TERM
Topical term or geographic name as entry element Mothers and daughters
Form subdivision Juvenile fiction.
9 (RLIN) 5675897
650 #1 - SUBJECT ADDED ENTRY--TOPICAL TERM
Topical term or geographic name as entry element Names
Form subdivision Fiction.
9 (RLIN) 5730636
650 #1 - SUBJECT ADDED ENTRY--TOPICAL TERM
Topical term or geographic name as entry element Names, Personal
General subdivision Pronunciation
Form subdivision Fiction.
9 (RLIN) 6433084
650 #1 - SUBJECT ADDED ENTRY--TOPICAL TERM
Topical term or geographic name as entry element Diversity
Form subdivision Fiction.
9 (RLIN) 6433085
650 #1 - SUBJECT ADDED ENTRY--TOPICAL TERM
Topical term or geographic name as entry element Picture books for children.
655 #0 - INDEX TERM--GENRE/FORM
Genre/form data or focus term Picture books for children.
655 #7 - INDEX TERM--GENRE/FORM
Genre/form data or focus term Picture books.
Source of term lcgft.
700 1# - ADDED ENTRY--PERSONAL NAME
Personal name Uribe, Luisa,
Relator term illustrator.
9 (RLIN) 6420212
907 ## - LOCAL DATA ELEMENT G, LDG (RLIN)
a .b430988588
942 ## - ADDED ENTRY ELEMENTS (KOHA)
Source of classification or shelving scheme Dewey Decimal Classification
Koha item type BOOK
Holdings
Withdrawn status Lost status Source of classification or shelving scheme Damaged status Not for loan Collection code Home library Current library Shelving location Date acquired Source of acquisition Total Checkouts Total Renewals Full call number Barcode Date last seen Date checked out Cost, replacement price Price effective from Koha item type
    Dewey Decimal Classification     Children Picture Books Wasatch County Library Wasatch County Library Main Floor Childrens Area 03/29/2022 Amazon 8 4 E Thompkins-Bigelow 34301001825472 03/19/2025 03/17/2025 16.99 03/29/2022 BOOK
This project was made possible through a grant from the Institute of Museum and Library Service administered by the Utah State Library Division.

Wasatch County Library

  • 465 East 1200 South, Heber City, Utah 84032
  • Phone 435-654-1511 | Fax 435-654-6456

Hours

  • Monday - Friday 9:30 AM - 8:00 PM
  • Saturday 9:30 AM - 1:30 PM
  • Closed Sundays and Holidays